000 00889nam a2200253 a 4500
001 61936
003 BD-RjUL
005 20211209081024.0
008 170122s1975 bg ||||| b||| 00| 0 ben d
020 _c: Tk. 25.00
035 _a(BD-RjUL)62061
040 _aBD-RjUL
_bben
_cBD-RjUL
041 _aben
082 _223
_a414
_bISV 1975
100 _aইসলাম, রফিকুল
_9170417
245 1 0 _aভাষাতত্ত্ব /
_cরফিকুল ইসলাম
250 _aপরিবর্ধিত ২য় সং.
260 _aঢাকা :
_bনওরোজ কিতাবিস্তান,
_c১৯৭৫
300 _a[১০], ৩৩৩ পৃ. ;
_c২৩ সেমি.
504 _aগ্রন্থপঞ্জি সংযুক্ত
650 _aধ্বনিবিজ্ঞান
_9184342
650 _aPhonetics
_9182353
942 _2ddc
_cBK
999 _c61936
_d61936